[Event "Motor City Open"]
[Site "Detroit"]
[Date "1991.11.30"]
[Round "4"]
[White "Manion, Tom"]
[Black "Moore, Deane"]
[Result "1-0"]
[WhiteElo "1877"]
[BlackElo "1394"]
[PlyCount "53"]
[EventDate "1991.11.29"]

1. e4 e5 2. Nf3 d6 3. d4 exd4 4. Nxd4 a6 5. Nc3 h6 6. Bc4 Nf6 7. a4 Nbd7 8. Nf3
Qe7 9. O-O Ne5 10. Nxe5 dxe5 11. b3 Qd6 12. Qe1 Be7 13. Ba3 Qc6 14. Bxe7 Kxe7
15. Nd5+ Kf8 16. Nxf6 gxf6 17. f4 Qc5+ 18. Kh1 Ke7 19. fxe5 Qxe5 20. Qb4+ Ke8
21. Rad1 b6 22. Bd5 Qd6 23. Bxf7+ Kxf7 24. Rxd6 Kg7 25. Rdxf6 Re8 26. Qc3 Kg8
27. Rf7 1-0

[Event "Motor City Open"]
[Site "Detroit"]
[Date "1991.11.30"]
[Round "5"]
[White "Lubben, Don"]
[Black "Parker, Bernard"]
[Result "1/2-1/2"]
[WhiteElo "1882"]
[BlackElo "1490"]
[PlyCount "77"]
[EventDate "1991.11.29"]

1. e4 e5 2. f4 Nc6 3. Nf3 exf4 4. d4 d6 5. Bxf4 Nf6 6. Nc3 Be7 7. Qd2 a6 8.
O-O-O b5 9. e5 dxe5 10. Nxe5 Nxe5 11. Bxe5 O-O 12. h4 Bd6 13. Bd3 Ng4 14. g3 f5
15. Qf4 Bxe5 16. dxe5 Qe7 17. Rhe1 Be6 18. a3 c5 19. Rd2 Rad8 20. Be2 Rxd2 21.
Kxd2 b4 22. Nb1 bxa3 23. Nxa3 Qb7 24. Kc1 Qb4 25. Qxb4 cxb4 26. Nc4 h5 27. Bd3
Rd8 28. Nd6 Nxe5 29. Rxe5 Rxd6 30. Bxf5 Bxf5 31. Rxf5 g6 32. Ra5 Kf7 33. c4
bxc3 34. bxc3 Rc6 35. Kd2 Ke6 36. Kd3 Kd6 37. Kd4 Kc7 38. c4 Kb6 39. Rg5
1/2-1/2

[Event "Motor City Open"]
[Site "Detroit"]
[Date "1991.11.30"]
[Round "5"]
[White "Levadi, David"]
[Black "Ward, Tom"]
[Result "1/2-1/2"]
[WhiteElo "1964"]
[BlackElo "2149"]
[PlyCount "83"]
[EventDate "1991.11.29"]

1. c4 e5 2. Nc3 Nc6 3. Nf3 g6 4. b3 Bg7 5. Rb1 d6 6. g3 f5 7. e4 Nf6 8. d3 O-O
9. Bg2 h6 10. O-O Be6 11. Nd5 Kh7 12. Nxf6+ Qxf6 13. Ne1 f4 14. gxf4 exf4 15.
Bb2 Nd4 16. Nc2 Qg5 17. f3 c5 18. Kh1 Qh4 19. Nxd4 cxd4 20. Qe1 Qxe1 21. Rfxe1
Be5 22. Bf1 a5 23. Kg2 g5 24. Be2 Rf7 25. Rbc1 b6 26. Rc2 Re7 27. h3 Kg6 28.
Rh1 Rf8 29. Bd1 Kf6 30. Kf1 Rh7 31. Rch2 Rg7 32. Bc1 Rfg8 33. Bd2 Ra7 34. a4
Rag7 35. Rg2 Rg6 36. Rgh2 R8g7 37. Rg1 Rh7 38. Be1 Rgg7 39. Kg2 Kf7 40. Be2 Bf6
41. Bd2 Bd8 42. Bd1 1/2-1/2

[Event "Motor City Open"]
[Site "Detroit"]
[Date "1991.11.30"]
[Round "4"]
[White "Levadi, David"]
[Black "Barnette, Glenn"]
[Result "1-0"]
[WhiteElo "1964"]
[BlackElo "1742"]
[PlyCount "137"]
[EventDate "1991.11.29"]

1. c4 f5 2. Nc3 Nf6 3. g3 e6 4. Bg2 c6 5. d4 Be7 6. Nf3 Na6 7. O-O Nc7 8. Qc2
O-O 9. b3 d5 10. Bb2 Bb4 11. a3 Bxc3 12. Bxc3 Ne4 13. Bb2 Bd7 14. Ne5 Rc8 15.
a4 Nf6 16. Ba3 Re8 17. f3 b5 18. g4 bxa4 19. bxa4 f4 20. Qd2 dxc4 21. Qxf4 Ncd5
22. Qc1 c3 23. e4 Nb6 24. Bc5 Rf8 25. a5 Na8 26. Qxc3 Nc7 27. Bxf8 Kxf8 28.
Qc5+ Kg8 29. Rfd1 Nb5 30. g5 Nh5 31. Nxd7 Qxd7 32. Qe5 Rf8 33. Bh3 Nf4 34. Bg4
Nc3 35. Rd2 Kh8 36. Kf2 Qf7 37. Rc1 Ng6 38. Qxe6 Qf4 39. Rdc2 Nb5 40. Rc4 Nd6
41. Kg2 Qd2+ 42. Kh1 Nf4 43. R4c2 Qxd4 44. Qd7 Nd3 45. Qxc6 Ne5 46. Qd5 Qxd5
47. exd5 Nxg4 48. fxg4 Ne4 49. Rc8 Kg8 50. Rxf8+ Kxf8 51. Rf1+ Kg8 52. Rf5 g6
53. Rf6 Nxf6 54. gxf6 Kf7 55. g5 h6 56. h4 hxg5 57. hxg5 Ke8 58. Kg2 Kd7 59.
Kf3 Kd6 60. Ke4 Kd7 61. Ke5 a6 62. d6 Ke8 63. Ke6 Kd8 64. f7 Kc8 65. f8=Q+ Kb7
66. Qf3+ Kb8 67. Qb3+ Kc8 68. d7+ Kc7 69. Qb6# 1-0

[Event "Motor City Open"]
[Site "Detroit"]
[Date "1991.11.30"]
[Round "5"]
[White "Lahr, Fred"]
[Black "Sledge, Ernest"]
[Result "1-0"]
[WhiteElo "1860"]
[BlackElo "1691"]
[PlyCount "77"]
[EventDate "1991.11.29"]

1. e4 c5 2. Nf3 Nc6 3. d4 cxd4 4. Nxd4 g6 5. c4 Bg7 6. Be3 d6 7. Nc3 Nf6 8. Qd2
O-O 9. f3 a6 10. Rc1 Bd7 11. Be2 Rc8 12. O-O Ne5 13. b3 e6 14. Rfd1 Ne8 15. f4
Nc6 16. Nxc6 Bxc6 17. e5 d5 18. Bc5 Nc7 19. Bxf8 Bxf8 20. Bf3 Bb4 21. Qd4 Qf8
22. Kh1 Bc5 23. Qd3 dxc4 24. bxc4 Bxf3 25. Qxf3 b5 26. cxb5 axb5 27. Ne4 Nd5
28. Qh3 Be7 29. Qf3 Kg7 30. Nc3 Ra8 31. Nxd5 exd5 32. Qxd5 b4 33. Rc7 Rd8 34.
Rd7 Rc8 35. e6 Rc5 36. Qb7 Qd8 37. Rxd8 Bxd8 38. Qxf7+ Kh6 39. Qf8+ 1-0

[Event "Motor City Open"]
[Site "Detroit"]
[Date "1991.11.30"]
[Round "4"]
[White "Koger, Melvin"]
[Black "Wydryck, Robert"]
[Result "1-0"]
[WhiteElo "1761"]
[BlackElo "1968"]
[PlyCount "69"]
[EventDate "1991.11.29"]

1. d4 Nf6 2. c4 g6 3. Nc3 c5 4. d5 e6 5. e4 exd5 6. cxd5 d6 7. f4 Bg7 8. e5 Nh5
9. Nf3 O-O 10. Be2 dxe5 11. fxe5 Re8 12. O-O Bxe5 13. Nxe5 Rxe5 14. b3 Ng7 15.
Bf4 Re8 16. Nb5 Na6 17. Nd6 Re7 18. Qd2 Nb4 19. a3 Rxe2 20. Qxe2 Nxd5 21. Bg3
Be6 22. Ne4 b6 23. Rad1 Qe7 24. Bd6 Qb7 25. Qf3 Qc8 26. Nf6+ Nxf6 27. Qxf6 Ne8
28. Qf3 Nxd6 29. Rxd6 h5 30. Rxe6 fxe6 31. Qf7+ Kh8 32. Qxg6 Qg8 33. Qxh5+ Qh7
34. Qe5+ Qg7 35. Rf6 1-0

[Event "Motor City Open"]
[Site "Detroit"]
[Date "1991.11.30"]
[Round "4"]
[White "Khraizat, Ali"]
[Black "Bailey, Jason"]
[Result "0-1"]
[WhiteElo "1213"]
[BlackElo "1374"]
[PlyCount "66"]
[EventDate "1991.11.29"]

1. e4 c5 2. Nc3 d6 3. Nf3 Nf6 4. Bc4 g6 5. O-O Bg7 6. d3 O-O 7. Bg5 Bg4 8. h3
Bxf3 9. Qxf3 Nc6 10. Bb5 Nd4 11. Qe3 Nxc2 12. Qc1 Nxa1 13. Qxa1 a6 14. Bc4 b5
15. Bd5 Nxd5 16. exd5 Bf6 17. Bh6 Re8 18. Re1 Bxc3 19. bxc3 e5 20. dxe6 Rxe6
21. Rxe6 fxe6 22. c4 Kf7 23. Qg7+ Ke8 24. Qxh7 bxc4 25. Bg5 Qb8 26. Be3 Qb1+
27. Kh2 Rc8 28. Qxg6+ Kd7 29. Qf7+ Kc6 30. Qxe6 Rb8 31. Qe4+ Kb6 32. Qd5 Qxd3
33. Qxc5+ dxc5 0-1

[Event "Motor City Open"]
[Site "Detroit"]
[Date "1991.11.30"]
[Round "4"]
[White "Jordan, Willie"]
[Black "Lubben, Don"]
[Result "1-0"]
[WhiteElo "1683"]
[BlackElo "1882"]
[PlyCount "73"]
[EventDate "1991.11.29"]

1. d4 Nf6 2. c4 g6 3. Nc3 Bg7 4. e4 d6 5. f4 O-O 6. Nf3 c5 7. d5 Re8 8. Bd3
Nbd7 9. O-O a6 10. h3 e6 11. e5 Nh5 12. g4 Ng3 13. Rf2 dxe5 14. fxe5 Nxe5 15.
Bf4 exd5 16. Bxg3 dxc4 17. Bc2 Nxf3+ 18. Rxf3 Bd4+ 19. Kh2 b5 20. Qf1 Ra7 21.
Ne4 Bxb2 22. Rd1 Qe7 23. Nf6+ Bxf6 24. Rxf6 Qe2+ 25. Qxe2 Rxe2+ 26. Rf2 Re8 27.
Rfd2 Rae7 28. Rf2 Re2 29. Rdf1 Bb7 30. Rxe2 Rxe2+ 31. Rf2 Re1 32. Bd6 Ra1 33.
Bxc5 Rxa2 34. Kg3 Ra1 35. Re2 h5 36. gxh5 gxh5 37. Re8+ 1-0

[Event "Motor City Open"]
[Site "Detroit"]
[Date "1991.11.30"]
[Round "4"]
[White "Jointer, William"]
[Black "Ryan, Bob"]
[Result "1-0"]
[WhiteElo "1700"]
[BlackElo "1554"]
[PlyCount "83"]
[EventDate "1991.11.29"]

1. e4 e5 2. f4 f5 3. exf5 d6 4. Qh5+ Ke7 5. Bc4 d5 6. Bb3 Nc6 7. Nc3 Nf6 8. Qh4
Bxf5 9. Nxd5+ Ke8 10. Nxf6+ gxf6 11. fxe5 fxe5 12. Nf3 e4 13. Qxd8+ Rxd8 14.
Ng5 Ne5 15. O-O Bc5+ 16. Kh1 Rf8 17. d4 exd3 18. cxd3 Nxd3 19. h3 Ke7 20. Nf3
Nf2+ 21. Rxf2 Bxf2 22. Bg5+ Rf6 23. Nh4 Bxh4 24. Bxh4 Rdf8 25. Rf1 Kd6 26. Rd1+
Ke7 27. Kh2 Ke8 28. Re1+ Kd7 29. Bxf6 Rxf6 30. Rf1 Ke7 31. g4 Bg6 32. Re1+ Kd6
33. Kg3 h5 34. g5 Rf8 35. Re6+ Kc5 36. Rxg6 Kd4 37. Rf6 Rh8 38. g6 Rh6 39. Bc2
Ke3 40. Rf3+ Ke2 41. Rf2+ Ke3 42. g7 1-0

[Event "Motor City Open"]
[Site "Detroit"]
[Date "1991.11.30"]
[Round "4"]
[White "Golonka, Stan"]
[Black "Spooner, Frank"]
[Result "1-0"]
[WhiteElo "2059"]
[BlackElo "1875"]
[PlyCount "119"]
[EventDate "1991.11.29"]

1. c4 Nf6 2. Nc3 e6 3. e4 d6 4. g3 b6 5. Bg2 Bb7 6. Nge2 c5 7. O-O Nbd7 8. d4
cxd4 9. Nxd4 Be7 10. e5 Bxg2 11. exf6 Nxf6 12. Kxg2 O-O 13. Qe2 Qc7 14. Re1
Rac8 15. b3 h6 16. Bb2 Qb7+ 17. Kg1 a6 18. Qf3 Qxf3 19. Nxf3 Nd7 20. Rad1 Nc5
21. Ne4 Rfd8 22. Nxc5 bxc5 23. Rd3 Rb8 24. Red1 Rb6 25. Bc3 Rdb8 26. Ba5 R6b7
27. Nd2 f5 28. f4 Kf7 29. Re1 Bf8 30. Rde3 Re8 31. h4 g6 32. Kg2 Bg7 33. Nf3
Ree7 34. Rd1 Red7 35. Red3 Ke7 36. h5 gxh5 37. Rh1 e5 38. Rd5 Ke6 39. Rxh5 Rb5
40. cxb5 Kxd5 41. b6 Ke6 42. Nh4 d5 43. Nxf5 exf4 44. Nxg7+ Rxg7 45. Rxh6+ Kf5
46. Rh5+ Ke4 47. b7 f3+ 48. Kf2 Rxb7 49. Rh4+ Kd3 50. Kxf3 c4 51. bxc4 dxc4 52.
Rh6 Rb2 53. Rd6+ Kc2 54. Rd2+ Kb1 55. Rxb2+ Kxb2 56. a4 Kb3 57. g4 Kxa4 58. Bd2
Kb3 59. g5 a5 60. Bxa5 1-0

[Event "Motor City Open"]
[Site "Detroit"]
[Date "1991.11.30"]
[Round "5"]
[White "Golonka, Stan"]
[Black "Everett, Morgan"]
[Result "0-1"]
[WhiteElo "2059"]
[BlackElo "2148"]
[PlyCount "74"]
[EventDate "1991.11.29"]

1. c4 Nf6 2. Nc3 d6 3. g3 g6 4. Bg2 Bg7 5. e4 e5 6. Nge2 O-O 7. O-O c6 8. d4
Nbd7 9. b3 Qa5 10. Bb2 Re8 11. Re1 exd4 12. Nxd4 Nc5 13. Nc2 Qc7 14. Qd4 Be6
15. Rad1 Rad8 16. b4 Ncd7 17. Ne3 Qb6 18. Qxb6 Nxb6 19. c5 dxc5 20. bxc5 Nbd7
21. Ba3 Bf8 22. Rb1 Bxc5 23. Bb2 Nb6 24. e5 Ng4 25. Nxg4 Bxg4 26. Ne4 Be7 27.
Nf6+ Bxf6 28. exf6 Be6 29. Bf3 h5 30. Kg2 Bd5 31. Re7 Bxf3+ 32. Kxf3 Rxe7 33.
fxe7 Re8 34. Ba3 Nc4 35. Rd1 f6 36. Bb4 b6 37. Rd7 Ne5+ 0-1

[Event "Motor City Open"]
[Site "Detroit"]
[Date "1991.11.30"]
[Round "5"]
[White "Ghiata, Gheorghe"]
[Black "Johnston, Rowland"]
[Result "1/2-1/2"]
[WhiteElo "1945"]
[BlackElo "1781"]
[PlyCount "115"]
[EventDate "1991.11.29"]

1. d4 b5 2. e3 a6 3. Nd2 Bb7 4. Ngf3 e6 5. Bd3 c5 6. c3 Nf6 7. O-O Nc6 8. Ne5
Qc7 9. f4 d6 10. Nxc6 Qxc6 11. Qe2 Be7 12. e4 Qb6 13. Nf3 d5 14. e5 Ne4 15. a4
b4 16. a5 Qc7 17. Ng5 bxc3 18. Nxe4 dxe4 19. Bxe4 cxd4 20. Bxb7 Qxb7 21. bxc3
dxc3 22. Qd3 Rc8 23. Rb1 Qa7+ 24. Be3 Bc5 25. Rf3 O-O 26. Qxc3 Bxe3+ 27. Qxe3
Qxe3+ 28. Rxe3 Rc2 29. Rb6 Rd8 30. Rd3 Rdc8 31. Rxa6 h6 32. Rad6 Kh7 33. Rd7
Ra2 34. Rd2 Rxa5 35. Rxf7 Kg6 36. Re7 Rc6 37. h3 Ra8 38. Rdd7 Rg8 39. Kf2 Kf5
40. Rd4 g5 41. g4+ Kg6 42. Rd6 Rxd6 43. exd6 Kf6 44. Kf3 Rd8 45. Rh7 Kg6 46.
Rb7 Rxd6 47. Ke4 gxf4 48. Kxf4 h5 49. gxh5+ Kxh5 50. Ke5 Ra6 51. Rh7+ Kg6 52.
Re7 Rb6 53. h4 Ra6 54. Re8 Kf7 55. Rd8 Kg7 56. Rd4 Kg6 57. Rf4 Kh5 58. Rf6
1/2-1/2

[Event "Motor City Open"]
[Site "Detroit"]
[Date "1991.11.30"]
[Round "5"]
[White "Foord, Allan"]
[Black "Walker, Anthony"]
[Result "1-0"]
[WhiteElo "1735"]
[BlackElo "1103"]
[PlyCount "51"]
[EventDate "1991.11.29"]

1. e4 e5 2. Nf3 Nc6 3. Bb5 Bc5 4. O-O Nf6 5. Re1 O-O 6. c3 a6 7. Bxc6 dxc6 8.
Nxe5 Re8 9. d4 Bd6 10. f4 c5 11. Qb3 Bxe5 12. fxe5 Ng4 13. h3 Qh4 14. Rf1 Be6
15. d5 Bd7 16. hxg4 Bxg4 17. Qxb7 Rec8 18. d6 Be2 19. Rf2 Bh5 20. Nd2 cxd6 21.
exd6 Rf8 22. Qd5 Rfc8 23. Nf3 Bxf3 24. Rxf3 Ra7 25. d7 Rd8 26. Bg5 1-0

[Event "Motor City Open"]
[Site "Detroit"]
[Date "1991.11.30"]
[Round "4"]
[White "Fluellen, Nathaniel"]
[Black "Montgomery, Marshall"]
[Result "1-0"]
[WhiteElo "1272"]
[BlackElo "1140"]
[PlyCount "66"]
[EventDate "1991.11.29"]

1. e4 c6 2. Bc4 d5 3. exd5 cxd5 4. Bb3 Nf6 5. d4 Nc6 6. Nf3 Bg4 7. Nbd2 e5 8.
h3 Bxf3 9. Nxf3 Bd6 10. Ba4 O-O 11. Be3 Qa5+ 12. c3 Ne7 13. O-O h6 14. Bd2 Qc7
15. Bxh6 Nf5 16. Bxg7 Nxg7 17. dxe5 Bxe5 18. Qc2 Bf4 19. Rae1 Qd6 20. Nh4 Nh7
21. Nf5 Qg6 22. Ne7+ Kh8 23. Nxg6+ fxg6 24. Re7 Nf5 25. Rxb7 Ng5 26. Kh1 Rg8
27. Qe2 Be3 28. Qd3 Ne4 29. Qxd5 Nxf2+ 30. Kh2 Rg7 31. Rxf2 Bxf2 32. Rxg7 Kxg7
33. Qxa8 Kh6 1-0

[Event "Motor City Open"]
[Site "Detroit"]
[Date "1991.11.30"]
[Round "4"]
[White "Everett, Morgan"]
[Black "Lahr, Fred"]
[Result "1-0"]
[WhiteElo "2148"]
[BlackElo "1860"]
[PlyCount "77"]
[EventDate "1991.11.29"]

1. e4 e5 2. Nf3 Nc6 3. d4 exd4 4. Nxd4 Nf6 5. Nxc6 bxc6 6. e5 Qe7 7. Qe2 Nd5 8.
Bd2 Qe6 9. c4 Nb6 10. Bc3 Ba6 11. b3 O-O-O 12. Nd2 Kb8 13. Qe3 d5 14. c5 Bxf1
15. cxb6 cxb6 16. Rxf1 c5 17. Bb2 Qg4 18. Qf3 Qe6 19. Qe3 Qg4 20. Qg3 Qf5 21.
Ke2 b5 22. Rfd1 d4 23. Rac1 f6 24. Nf3 Re8 25. Kf1 fxe5 26. Bxd4 cxd4 27. Nxd4
Qf4 28. Nc6+ Kb7 29. Qd3 Kb6 30. g3 Qg5 31. Qd7 Ra8 32. Nxe5 Qxe5 33. Qc6+ Ka5
34. Qxa8 Bc5 35. Rxc5 Qxc5 36. Qxh8 Qc2 37. Qd8+ Kb4 38. Rd4+ Ka3 39. Qa5+ 1-0

[Event "Motor City Open"]
[Site "Detroit"]
[Date "1991.11.30"]
[Round "4"]
[White "Dobbs, Edward"]
[Black "Daniel, Aaron"]
[Result "0-1"]
[WhiteElo "1847"]
[BlackElo "2108"]
[PlyCount "62"]
[EventDate "1991.11.29"]

1. c4 e5 2. Nc3 Nf6 3. e3 d5 4. cxd5 Nxd5 5. Bc4 Nb6 6. Bb3 Nc6 7. Nge2 Be7 8.
O-O O-O 9. d4 exd4 10. exd4 Bf6 11. Be3 Bg4 12. a3 Re8 13. Re1 Qd7 14. Qd2 Na5
15. Bc2 Nac4 16. Qd3 g6 17. Ne4 Bg7 18. b3 Nxe3 19. fxe3 Rxe4 20. Qxe4 Bf5 21.
Qxb7 Bxc2 22. Rac1 Bxb3 23. Rxc7 Qe8 24. Nc1 Bd5 25. Qa6 Bxd4 26. Qd3 Be5 27.
Rc5 Rd8 28. Qa6 Qe7 29. Nd3 Bb8 30. Qb5 Qe4 31. Nf4 Bxf4 0-1

[Event "Motor City Open"]
[Site "Detroit"]
[Date "1991.11.30"]
[Round "4"]
[White "DeJongh, John"]
[Black "Triplett, Thomas"]
[Result "0-1"]
[WhiteElo "1647"]
[BlackElo "1939"]
[PlyCount "60"]
[EventDate "1991.11.29"]

1. d4 Nf6 2. c4 e6 3. Nc3 Bb4 4. e3 b6 5. Bd3 Bb7 6. Nf3 Bxc3+ 7. bxc3 Ne4 8.
Bxe4 Bxe4 9. O-O O-O 10. Ba3 d6 11. Nd2 Bb7 12. Nf3 Nd7 13. Re1 Re8 14. d5 e5
15. e4 Nf6 16. Bc1 h6 17. h3 Bc8 18. Qc2 Bd7 19. Bd2 Nh7 20. Qc1 f5 21. g3 fxe4
22. Rxe4 Rf8 23. Kg2 Qf6 24. Qd1 Bxh3+ 25. Kxh3 Qf5+ 26. Kg2 Qxe4 27. Be3 Rf7
28. Rb1 Raf8 29. Rb4 Rxf3 30. c5 Rxf2+ 0-1

[Event "Motor City Open"]
[Site "Detroit"]
[Date "1991.11.30"]
[Round "5"]
[White "DeJongh, John"]
[Black "Kruskie, Jerry"]
[Result "0-1"]
[WhiteElo "1647"]
[BlackElo "1810"]
[PlyCount "76"]
[EventDate "1991.11.29"]

1. d4 Nf6 2. c4 e6 3. Nc3 Bb4 4. e3 c5 5. dxc5 Bxc3+ 6. bxc3 Na6 7. Nf3 Nxc5 8.
Be2 O-O 9. O-O b6 10. Ba3 Qc7 11. Bxc5 Qxc5 12. Qd4 Qc7 13. Rfd1 Ba6 14. Qd6
Rac8 15. Ne5 Qxd6 16. Rxd6 Rfd8 17. Rad1 Rc7 18. f3 Kf8 19. R1d4 Ke7 20. Bd1
Ne8 21. Rxd7+ Rdxd7 22. Rxd7+ Rxd7 23. Nxd7 Kxd7 24. Ba4+ Ke7 25. Bxe8 Kxe8 26.
Kf2 Kd7 27. a3 Kd6 28. Ke2 Kc5 29. Kd2 Kxc4 30. Kc2 Bb5 31. e4 Ba4+ 32. Kb2 Kd3
33. e5 b5 34. g3 f6 35. exf6 gxf6 36. f4 h5 37. h3 f5 38. h4 Kd2 0-1

[Event "Motor City Open"]
[Site "Detroit"]
[Date "1991.11.30"]
[Round "5"]
[White "Davis, Victor"]
[Black "Walker, LeRoy"]
[Result "0-1"]
[WhiteElo "1260"]
[BlackElo "1569"]
[PlyCount "60"]
[EventDate "1991.11.29"]

1. e4 c6 2. d4 d5 3. e5 Bf5 4. Bd3 Bxd3 5. Qxd3 e6 6. Nf3 Ne7 7. Be3 Ng6 8.
Nbd2 Nd7 9. O-O Be7 10. Rac1 O-O 11. c4 dxc4 12. Nxc4 Rc8 13. Rfe1 b5 14. Ncd2
Nb6 15. b3 Bb4 16. Red1 Bxd2 17. Bxd2 Nd7 18. Bb4 Re8 19. Qe4 Qb6 20. Bc5 Qb7
21. b4 Nb6 22. Bxb6 axb6 23. Rc3 Rc7 24. Rdc1 Rec8 25. a3 h6 26. Nh4 Nxh4 27.
Qxh4 Qa7 28. Qh3 c5 29. Qe3 cxb4 30. axb4 Rxc3 0-1

[Event "Motor City Open"]
[Site "Detroit"]
[Date "1991.11.30"]
[Round "5"]
[White "Daniel, Aaron"]
[Black "Ball, Ed"]
[Result "1-0"]
[WhiteElo "2108"]
[BlackElo "1957"]
[PlyCount "89"]
[EventDate "1991.11.29"]

1. d4 c5 2. d5 e5 3. c4 d6 4. Nc3 f5 5. e4 Nf6 6. Bg5 Be7 7. Bxf6 Bxf6 8. Nf3
f4 9. Be2 g5 10. Nd2 Qe7 11. Bh5+ Kf8 12. h3 Bd7 13. Qf3 Be8 14. a3 Bxh5 15.
Qxh5 Qf7 16. Qg4 Nd7 17. Nb5 h5 18. Qf5 Ke7 19. Nf3 Nb6 20. b4 a6 21. bxc5 axb5
22. cxb6 b4 23. a4 Rhc8 24. a5 b3 25. O-O b2 26. Rab1 g4 27. hxg4 hxg4 28. Qxg4
Rxc4 29. Rxb2 Rg8 30. Qf5 Qg7 31. Ne1 Rc1 32. f3 Bh4 33. Qe6+ Kf8 34. Nd3 Rxf1+
35. Kxf1 Qg3 36. Rc2 Bd8 37. Qxd6+ Kg7 38. Qxe5+ Bf6 39. Rc7+ Kh6 40. Qxf6+ Rg6
41. Qxf4+ Qxf4 42. Nxf4 Rf6 43. g3 Kg5 44. Rxb7 Rxb6 45. axb6 1-0

[Event "Motor City Open"]
[Site "Detroit"]
[Date "1991.11.30"]
[Round "5"]
[White "Carroll, Deuvoy"]
[Black "Brooks, John"]
[Result "0-1"]
[WhiteElo "2176"]
[BlackElo "2195"]
[PlyCount "126"]
[EventDate "1991.11.29"]

1. d4 Nf6 2. Nf3 e6 3. Bg5 d5 4. Nbd2 Be7 5. Bxf6 Bxf6 6. e4 Be7 7. Bd3 c5 8.
c3 Nc6 9. dxc5 Bxc5 10. O-O O-O 11. Qe2 Bd6 12. Rfe1 Qc7 13. Rad1 h6 14. e5 Be7
15. Nf1 Rd8 16. Ng3 Nb8 17. Nd4 Nd7 18. Nh5 g6 19. Bxg6 fxg6 20. Nxe6 Qb6 21.
Nxd8 Nf8 22. Nf4 Qxd8 23. Nxd5 Kg7 24. Nxe7 Qxe7 25. Rd6 Be6 26. a3 Rc8 27.
Red1 Rc7 28. Qe3 b6 29. h3 Nh7 30. f4 h5 31. Kh2 Nf8 32. g3 Rc4 33. b3 Rc5 34.
c4 Qc7 35. a4 Qf7 36. Qd4 Qf5 37. g4 hxg4 38. hxg4 Qxg4 39. Qe3 Qh4+ 40. Kg2
Bf5 41. R1d2 Rc7 42. Qg3 Qh5 43. a5 bxa5 44. Kg1 a4 45. Rh2 Qg4 46. Qxg4 Bxg4
47. bxa4 Rxc4 48. Ra6 Rc1+ 49. Kf2 Rc4 50. Ke3 Bc8 51. Rd6 Bf5 52. Rhd2 Rc3+
53. Kf2 Ne6 54. Rd7+ Kh6 55. Rxa7 Nxf4 56. Re7 Ra3 57. Rd4 Kg5 58. Rb7 Nd3+ 59.
Ke2 Ra2+ 60. Ke3 Nxe5 61. Rb5 Ng4+ 62. Kf3 Kh4 63. Rxf5 gxf5 0-1

[Event "Motor City Open"]
[Site "Detroit"]
[Date "1991.11.30"]
[Round "5"]
[White "Burke, Tim"]
[Black "Manion, Tom"]
[Result "1/2-1/2"]
[WhiteElo "1717"]
[BlackElo "1877"]
[PlyCount "73"]
[EventDate "1991.11.29"]

1. e4 e6 2. d4 d5 3. Nc3 Nf6 4. e5 Nfd7 5. f4 c5 6. Nf3 Nc6 7. Be3 cxd4 8. Nxd4
Nxd4 9. Bxd4 Bc5 10. Bb5 Qb6 11. Bxc5 Qxc5 12. Bd3 b6 13. Nb5 O-O 14. Nd6 Qe3+
15. Qe2 Qxf4 16. Bb5 Qxe5 17. Nxc8 Qxe2+ 18. Kxe2 Raxc8 19. Bxd7 Rxc2+ 20. Kf3
Rxb2 21. Rhc1 b5 22. Rc7 Ra8 23. Rac1 g6 24. Rb7 a6 25. Rcc7 Rf8 26. Kg3 Re2
27. Be8 Rxe8 28. Rxf7 Rc8 29. Rg7+ Kf8 30. Rgf7+ Kg8 31. Rg7+ Kf8 32. Rgf7+ Ke8
33. Rbe7+ Kd8 34. Rd7+ Ke8 35. Rde7+ Kd8 36. Rd7+ Ke8 37. Rde7+ 1/2-1/2

[Event "Motor City Open"]
[Site "Detroit"]
[Date "1991.11.30"]
[Round "4"]
[White "Burke, Tim"]
[Black "Davis, Victor"]
[Result "1-0"]
[WhiteElo "1717"]
[BlackElo "1260"]
[PlyCount "50"]
[EventDate "1991.11.29"]

1. e4 d6 2. d4 Nf6 3. Nc3 g6 4. f4 Nbd7 5. Nf3 Bg7 6. Be2 a5 7. e5 dxe5 8. fxe5
Nh5 9. g4 O-O 10. gxh5 e6 11. hxg6 fxg6 12. Bg5 Qe8 13. Qd2 Rf7 14. O-O-O c6
15. Ne4 Bf8 16. Rhf1 Bb4 17. c3 Be7 18. Bc4 Nb6 19. Be2 Nd5 20. Bxe7 Qxe7 21.
Nfg5 Rxf1 22. Rxf1 b5 23. Nf6+ Kg7 24. Nfxh7 Kh6 25. Rf7 Qd8 1-0

[Event "Motor City Open"]
[Site "Detroit"]
[Date "1991.11.30"]
[Round "4"]
[White "Brooks, John"]
[Black "Men, Boris"]
[Result "1/2-1/2"]
[WhiteElo "2195"]
[BlackElo "2579"]
[PlyCount "139"]
[EventDate "1991.11.29"]

1. d4 d5 2. c4 e5 3. e3 Nc6 4. cxd5 Qxd5 5. Nc3 Bb4 6. Bd2 Bxc3 7. bxc3 Qd6 8.
Ne2 Nf6 9. Ng3 Ne7 10. Qb3 O-O 11. Bc1 Be6 12. Qxb7 exd4 13. cxd4 Rfb8 14. Qa6
Qb4+ 15. Bd2 Qb2 16. Rc1 c5 17. dxc5 Rd8 18. Qa5 h5 19. h4 Nf5 20. Nxf5 Bxf5
21. f3 Qe5 22. Kf2 Qb2 23. Ke1 Qe5 24. Be2 Qg3+ 25. Kf1 Bd3 26. Re1 Rd5 27.
Bxd3 Rxd3 28. Re2 Rc8 29. Qxa7 Rd5 30. Bb4 Rcxc5 31. Qxc5 Rxc5 32. Bxc5 Qc7 33.
Bb4 Qc1+ 34. Be1 Nd7 35. Rd2 Ne5 36. Kf2 Nc4 37. Re2 Nb2 38. Rd2 Nd1+ 39. Ke2
Nc3+ 40. Kf1 Nd1 41. e4 Qc4+ 42. Kg1 Ne3 43. Kh2 Nf1+ 44. Rxf1 Qxf1 45. Bg3 Qa6
46. Rd5 Qxa2 47. Rxh5 Qe6 48. Re5 Qc6 49. Rg5 Kh7 50. Rd5 Qe6 51. Rd6 Qe7 52.
e5 Qe8 53. Bf4 Qc8 54. g4 Qc4 55. Kg3 Qf1 56. Rd2 Qg1+ 57. Rg2 Qe1+ 58. Kh3
Qh1+ 59. Bh2 Qf1 60. f4 Kg8 61. f5 Kf8 62. h5 Kg8 63. Bg3 Kh7 64. e6 fxe6 65.
fxe6 Qh1+ 66. Rh2 Qe4 67. Rf2 Qxe6 68. Rf5 Qe4 69. Rf4 Qh1+ 70. Bh2 1/2-1/2

[Event "Motor City Open"]
[Site "Detroit"]
[Date "1991.11.30"]
[Round "5"]
[White "Belfer, Joseph"]
[Black "Men, Boris"]
[Result "1/2-1/2"]
[WhiteElo "2210"]
[BlackElo "2579"]
[PlyCount "24"]
[EventDate "1991.11.29"]

1. e4 Nf6 2. e5 Nd5 3. d4 d6 4. Nf3 g6 5. Bc4 Nb6 6. Bb3 Bg7 7. Qe2 O-O 8. e6
d5 9. exf7+ Rxf7 10. Ne5 Bxe5 11. dxe5 Nc6 12. Nc3 Qd7 1/2-1/2

[Event "Motor City Open"]
[Site "Detroit"]
[Date "1991.11.30"]
[Round "4"]
[White "Basin, Leonid"]
[Black "Carroll, Deuvoy"]
[Result "1-0"]
[WhiteElo "2471"]
[BlackElo "2176"]
[PlyCount "81"]
[EventDate "1991.11.29"]

1. d4 Nf6 2. c4 e6 3. Nf3 b6 4. Nc3 Bb7 5. a3 Be7 6. d5 O-O 7. e4 d6 8. Bd3 e5
9. O-O Nbd7 10. b4 Re8 11. g3 Nf8 12. Nh4 Ng6 13. Nf5 Bc8 14. Be3 Bf8 15. Qf3
Ne7 16. Nh6+ gxh6 17. Qxf6 Ng6 18. Qxd8 Rxd8 19. Rfc1 Bd7 20. c5 Kg7 21. Kg2
Be7 22. h4 Rg8 23. Nb5 Bxb5 24. Bxb5 a6 25. Be2 b5 26. a4 Rab8 27. axb5 axb5
28. Ra7 Bd8 29. Rca1 Ne7 30. c6 f5 31. f3 h5 32. Bg5 Kf8 33. Ra8 Rxa8 34. Rxa8
Kf7 35. exf5 h6 36. Bxe7 Kxe7 37. Bxb5 Kf6 38. Bd3 Kf7 39. b5 Rf8 40. Rc8 Rg8
41. b6 1-0

[Event "Motor City Open"]
[Site "Detroit"]
[Date "1991.11.30"]
[Round "4"]
[White "Ball, Ed"]
[Black "Thomas, Carlton"]
[Result "1-0"]
[WhiteElo "1957"]
[BlackElo "2129"]
[PlyCount "115"]
[EventDate "1991.11.29"]

1. e3 Nf6 2. f4 d6 3. d4 g6 4. Nf3 Bg7 5. Be2 O-O 6. O-O c5 7. c3 Qb6 8. h3
Nbd7 9. g4 e5 10. Nbd2 e4 11. Nh4 d5 12. Qe1 cxd4 13. exd4 Ne8 14. f5 g5 15.
Ng2 Qh6 16. Qg3 Qd6 17. Kh2 Qxg3+ 18. Kxg3 Nd6 19. Nb3 f6 20. Ne3 Nb6 21. Nc5
Re8 22. Bd2 Bf8 23. Rae1 Re7 24. Rh1 Nf7 25. h4 h6 26. Bd1 Rc7 27. b4 Bd6+ 28.
Kg2 Bf4 29. Bb3 Bxe3 30. Rxe3 Re7 31. Kf2 Nd6 32. hxg5 hxg5 33. Reh3 Rg7 34.
Ne6 Bxe6 35. fxe6 Kf8 36. Rh8+ Ke7 37. Rxa8 Nxa8 38. Bxd5 Nb6 39. Bb3 Nbc4 40.
Be3 Kxe6 41. a4 a6 42. Rh8 Kd7 43. d5 Ne5 44. Kg3 f5 45. Bd4 f4+ 46. Kg2 Re7
47. Bxe5 Rxe5 48. Rh7+ Re7 49. Rxe7+ Kxe7 50. c4 b5 51. axb5 axb5 52. c5 Nc8
53. d6+ Kd7 54. Bd5 e3 55. Be4 Na7 56. Bd3 Kc6 57. Kf3 Nc8 58. Bxb5+ 1-0